[Event "Open Letni Praha 2017 - A"]
[Site "?"]
[Date "2017.08.07"]
[Round "5"]
[White "Vichnar, David"]
[Black "Pauly, Carlo"]
[Result "1-0"]
[WhiteElo "2428"]
[BlackElo "2261"]
[PlyCount "65"]
[EventDate "2017.??.??"]
[WhiteClock "0:39:25"]
[BlackClock "0:04:23"]

1. d4 Nf6 2. c4 g6 3. g3 Bg7 4. Bg2 O-O 5. Nf3 d6 6. Nc3 Nc6 7. O-O a6 8. Qd3
e5 9. d5 Ne7 10. e4 Ne8 11. b3 h6 12. Bb2 f5 13. exf5 gxf5 14. Nh4 c5 15. dxc6
bxc6 16. Rad1 Be6 17. Na4 e4 18. Qe2 Qa5 19. Bxg7 Kxg7 20. f3 d5 21. Qb2+ Rf6
22. Qd4 Kf7 23. Nc5 Qc7 24. fxe4 fxe4 25. Rxf6+ Nxf6 26. Rf1 Neg8 27. Nxe6 Kxe6
28. Bh3+ Kf7 29. cxd5 Qa7 30. Be6+ Ke8 31. Qxa7 Rxa7 32. d6 a5 33. Ng6 1-0

[Event "Open Letni Praha 2017 - A"]
[Site "?"]
[Date "2017.08.07"]
[Round "5"]
[White "Mammadova, Narmin"]
[Black "Mammadov, Zaur"]
[Result "0-1"]
[WhiteElo "2277"]
[BlackElo "2424"]
[PlyCount "90"]
[EventDate "2017.??.??"]
[WhiteClock "0:29:32"]
[BlackClock "1:12:21"]

1. e4 c5 2. b3 d6 3. Bb2 Nf6 4. d3 g6 5. Nd2 Bg7 6. Qc1 Nc6 7. Ngf3 O-O 8. Be2
Rb8 9. O-O b5 10. e5 dxe5 11. Nxe5 Bb7 12. Nxc6 Bxc6 13. Bf3 Bxf3 14. Nxf3 Rc8
15. Be5 Qb6 16. a4 a6 17. Qb2 Bh6 18. axb5 axb5 19. Ra2 Nd7 20. Rfa1 Nxe5 21.
Nxe5 Bg7 22. Ra6 Qc7 23. f4 Rfe8 24. Ra7 Qb8 25. g3 g5 26. c4 gxf4 27. gxf4 f6
28. Nd7 Qxf4 29. Qg2 Rc7 30. Ra8 Qd4+ 31. Kh1 Qxd7 32. Rg1 e5 33. Qxg7+ Qxg7
34. Rxe8+ Kf7 35. Rxg7+ Kxg7 36. Rd8 bxc4 37. bxc4 Rb7 38. Kg2 Rb2+ 39. Kg3 Rd2
40. Rd5 Kg6 41. h4 Kf5 42. Kf3 Rxd3+ 43. Rxd3 e4+ 44. Ke3 exd3 45. Kxd3 Kf4 0-1

[Event "Open Letni Praha 2017 - A"]
[Site "?"]
[Date "2017.08.07"]
[Round "5"]
[White "Matras, Ondrej"]
[Black "Urtnasan, Nasanjargal"]
[Result "0-1"]
[WhiteElo "2264"]
[BlackElo "2419"]
[PlyCount "74"]
[EventDate "2017.??.??"]
[WhiteClock "0:03:09"]
[BlackClock "0:04:32"]

1. d4 Nf6 2. c4 g6 3. Nc3 Bg7 4. e4 d6 5. f3 O-O 6. Be3 a6 7. Bd3 c5 8. Nge2
Nc6 9. d5 Ne5 10. O-O Nfd7 11. Nc1 b5 12. cxb5 Nxd3 13. Nxd3 axb5 14. Nxb5 Ba6
15. a4 Qb8 16. Qc2 Bxb5 17. axb5 Qxb5 18. Rxa8 Rxa8 19. b3 Rb8 20. Nc1 Qb4 21.
Rd1 Qc3 22. Qe2 Rb6 23. Rf1 Nb8 24. h4 Na6 25. h5 Nb4 26. Bg5 Rb7 27. h6 Bd4+
28. Kh1 Qb2 29. Bd2 Rb8 30. Bxb4 cxb4 31. Qc4 Qc3 32. Qa6 Qe3 33. f4 Qg3 34.
Qd3 Be3 35. Rf3 Qh4+ 36. Rh3 Qe1+ 37. Kh2 Bg1+ 0-1

[Event "Open Letni Praha 2017 - A"]
[Site "?"]
[Date "2017.08.07"]
[Round "5"]
[White "Karayev, Kanan"]
[Black "Domogaev, Sergey"]
[Result "1/2-1/2"]
[WhiteElo "2228"]
[BlackElo "2400"]
[PlyCount "60"]
[EventDate "2017.??.??"]
[WhiteClock "0:12:24"]
[BlackClock "0:30:43"]

1. e4 e5 2. Bc4 Nf6 3. d3 Nc6 4. Nc3 Bb4 5. Nge2 d5 6. exd5 Nxd5 7. O-O Nb6 8.
Bb3 O-O 9. a3 Be7 10. f4 exf4 11. Bxf4 Bg4 12. Qe1 Bh4 13. Qd2 Qd7 14. Bg5 Bxg5
15. Qxg5 Rae8 16. Ng3 h6 17. Qd2 Na5 18. Ba2 Nac4 19. Qf4 Ne3 20. Rf2 Be6 21.
Qxe3 Bxa2 22. Qf4 Be6 23. Re1 Nd5 24. Nxd5 Bxd5 25. Rfe2 Rxe2 26. Rxe2 Be6 27.
Qe5 Rd8 28. Nh5 Qd4+ 29. Qxd4 Rxd4 30. Re4 Rd6 1/2-1/2

[Event "Open Letni Praha 2017 - A"]
[Site "?"]
[Date "2017.08.07"]
[Round "5"]
[White "Zlatin, Alex"]
[Black "Plischki, Sebastian"]
[Result "0-1"]
[WhiteElo "2149"]
[BlackElo "2383"]
[PlyCount "82"]
[EventDate "2017.??.??"]
[WhiteClock "0:21:44"]
[BlackClock "0:18:55"]

1. e4 c5 2. Ne2 Nc6 3. Nbc3 d6 4. d4 cxd4 5. Nxd4 Nf6 6. h3 g6 7. Be3 Bg7 8.
Bc4 O-O 9. Bb3 Na5 10. O-O b6 11. f4 Nxb3 12. axb3 Bb7 13. Qd3 a6 14. b4 b5 15.
Nb3 Rc8 16. Bd4 Nd7 17. Bxg7 Kxg7 18. Qd4+ Kg8 19. Na5 Ba8 20. Rf2 Qb6 21. Rd2
Rfd8 22. Rad1 Qxd4+ 23. Rxd4 f6 24. R1d2 Kf7 25. Nd5 f5 26. exf5 gxf5 27. Ne3
Be4 28. g4 Nf6 29. gxf5 Rg8+ 30. Kf1 Rg3 31. Ng4 Rxc2 32. Rxc2 Bxc2 33. Nc6
Nxg4 34. hxg4 Rxg4 35. Nb8 h5 36. Nxa6 h4 37. Nc7 h3 38. Rd2 Bxf5 39. Nxb5 h2
40. Nxd6+ exd6 41. Rxh2 Rxf4+ 0-1

[Event "Open Letni Praha 2017 - A"]
[Site "?"]
[Date "2017.08.07"]
[Round "5"]
[White "Domanski, Lukasz"]
[Black "Lamorelle, Julien"]
[Result "0-1"]
[WhiteElo "2102"]
[BlackElo "2358"]
[PlyCount "60"]
[EventDate "2017.??.??"]
[WhiteClock "0:33:10"]
[BlackClock "0:11:14"]

1. e4 c5 2. Nf3 e6 3. c3 Nf6 4. e5 Nd5 5. d4 cxd4 6. cxd4 d6 7. a3 Nc6 8. Bd3
g6 9. O-O Bg7 10. Bg5 Qc7 11. exd6 Qxd6 12. Nc3 Nxc3 13. bxc3 O-O 14. Bh4 b6
15. Bg3 Qd7 16. Re1 Bb7 17. Ne5 Nxe5 18. Bxe5 Rac8 19. Qd2 Rfd8 20. Bxg7 Kxg7
21. Re3 Qe7 22. Rh3 h5 23. a4 Rd5 24. Rg3 h4 25. Re3 Rg5 26. Be4 h3 27. g3 Bxe4
28. Rxe4 Qb7 29. f3 Rf5 30. Kf2 Qxe4 0-1

[Event "Open Letni Praha 2017 - A"]
[Site "?"]
[Date "2017.08.07"]
[Round "5"]
[White "Hoefelsauer, Thomas"]
[Black "Slovak, Kilian"]
[Result "1/2-1/2"]
[WhiteElo "2357"]
[BlackElo "2101"]
[PlyCount "124"]
[EventDate "2017.??.??"]
[WhiteClock "0:11:57"]
[BlackClock "0:06:06"]

1. Nf3 g6 2. c4 Bg7 3. Nc3 Nf6 4. g3 O-O 5. Bg2 d6 6. d4 Nc6 7. O-O a6 8. b3
Rb8 9. d5 Na5 10. Bg5 h6 11. Be3 b5 12. cxb5 axb5 13. Rc1 b4 14. Na4 Bb7 15.
Ne1 Ba8 16. Qd2 Kh7 17. Nc2 c5 18. dxc6 Nxc6 19. Bxc6 Bxc6 20. Nxb4 Ba8 21. f3
Rb5 22. Rf2 Bb7 23. Nc6 Qd7 24. Na5 Ba6 25. Nc4 Rh5 26. g4 Rb5 27. Rg2 Nd5 28.
Nab6 Nxb6 29. Nxb6 Qb7 30. Nc4 Rc8 31. Rd1 Qc7 32. Rf2 Bb7 33. Rff1 h5 34. g5
d5 35. Na3 Ra5 36. Nb1 d4 37. Bf4 Be5 38. Bxe5 Qxe5 39. Qxd4 Qxe2 40. h4 Rxa2
41. Rf2 Qa6 42. Nc3 Rxf2 43. Kxf2 Qe6 44. Rd3 Qxb3 45. Nd5 Qxd5 46. Qxd5 Bxd5
47. Rxd5 Kg7 48. Rd7 Kf8 49. Kg3 e5 50. Ra7 Rc4 51. Ra8+ Ke7 52. Ra7+ Ke6 53.
Ra6+ Kd7 54. Ra7+ Rc7 55. Rxc7+ Kxc7 56. Kf2 Kd6 57. Ke3 Kd5 58. Kd3 Kd6 59.
Ke3 Ke6 60. Ke4 f5+ 61. gxf6 Kxf6 62. f4 exf4 1/2-1/2

[Event "Open Letni Praha 2017 - A"]
[Site "?"]
[Date "2017.08.07"]
[Round "5"]
[White "Aliyev, Ravan"]
[Black "Mustafayev, Farid"]
[Result "0-1"]
[WhiteElo "2346"]
[BlackElo "2076"]
[PlyCount "84"]
[EventDate "2017.??.??"]
[WhiteClock "0:29:28"]
[BlackClock "0:42:15"]

1. d4 d5 2. c4 c5 3. dxc5 d4 4. Nf3 Nc6 5. Nbd2 e5 6. Nb3 Bf5 7. e4 Bg6 8. Bd3
Be7 9. O-O Nf6 10. Re1 Nd7 11. a3 a5 12. Bd2 O-O 13. Rb1 a4 14. Nc1 Nxc5 15.
Bb4 Ne6 16. Bxe7 Qxe7 17. Ne2 Nc5 18. Ng3 Ra6 19. h4 h5 20. Ng5 f6 21. Nh3 Qf7
22. f4 Nxd3 23. Qxd3 Qd7 24. Nf5 Ne7 25. Nxe7+ Qxe7 26. b4 axb3 27. Rxb3 Rfa8
28. Qb1 Rxa3 29. Rxb7 Qc5 30. Rb5 Qc8 31. fxe5 Rxh3 32. gxh3 Qxh3 33. Rb8+ Kh7
34. Rb3 Qg4+ 35. Kh2 Qxh4+ 36. Kg2 d3 37. Rxd3 Bxe4+ 38. Rxe4 Qxe4+ 39. Kf2 Rd8
40. Rd1 Rd2+ 41. Kg3 Rc2 42. Rd4 Rc3+ 0-1

[Event "Open Letni Praha 2017 - A"]
[Site "?"]
[Date "2017.08.07"]
[Round "5"]
[White "Yagupov, Igor"]
[Black "Soural, Jan"]
[Result "1/2-1/2"]
[WhiteElo "2395"]
[BlackElo "2163"]
[PlyCount "120"]
[EventDate "2017.??.??"]
[WhiteClock "0:27:20"]
[BlackClock "0:22:49"]

1. e4 c5 2. Nf3 e6 3. d4 cxd4 4. Nxd4 Nc6 5. Nc3 a6 6. Nxc6 bxc6 7. Bd3 d5 8.
O-O Nf6 9. Qf3 Be7 10. Qg3 O-O 11. Bh6 Ne8 12. Bf4 a5 13. Na4 Ba6 14. Bxa6 Rxa6
15. Qd3 Ra8 16. c4 Nf6 17. exd5 Bd6 18. Bg5 cxd5 19. Rad1 Bxh2+ 20. Kxh2 Ng4+
21. Kg3 Qxg5 22. f4 Qf5 23. cxd5 Rfd8 24. Qxf5 exf5 25. Rf3 Ra6 26. Rc3 Nf6 27.
Rc7 Ne4+ 28. Kh2 g5 29. fxg5 Rad6 30. Nc3 Nxc3 31. bxc3 Rxd5 32. Rf1 f4 33.
Rxf4 Rxg5 34. Rf2 Rd3 35. Rc2 Rgg3 36. Rc4 Kg7 37. a4 Kg6 38. Rc5 h6 39. c4 Rc3
40. Rf2 Rg4 41. Rxa5 Rh4+ 42. Kg1 Rc1+ 43. Rf1 Rhxc4 44. Ra6+ Kg7 45. a5 Rxf1+
46. Kxf1 Ra4 47. Kf2 Ra3 48. g3 Kh7 49. Kg2 Kg7 50. Kh3 Ra4 51. Ra8 h5 52. a6
Kh7 53. Kg2 Ra3 54. Kf2 Kg7 55. Kg2 Kh7 56. Kh3 Ra4 57. Ra7 Kg7 58. Kg2 Ra3 59.
Kf2 Kf6 60. Ra8 Kg7 1/2-1/2

[Event "Open Letni Praha 2017 - A"]
[Site "?"]
[Date "2017.08.07"]
[Round "5"]
[White "Chkhaidze, Nikoloz"]
[Black "Richterova, Natasa"]
[Result "0-1"]
[WhiteElo "2341"]
[BlackElo "2172"]
[PlyCount "60"]
[EventDate "2017.??.??"]
[WhiteClock "0:00:51"]
[BlackClock "0:03:13"]

1. Nf3 Nf6 2. g3 d5 3. Bg2 c5 4. O-O Nc6 5. d4 e6 6. c4 dxc4 7. Qa4 Bd7 8. Qxc4
cxd4 9. Nxd4 Rc8 10. Nc3 Nxd4 11. Qxd4 Bc5 12. Qh4 b5 13. Bg5 Be7 14. Rfd1 b4
15. Ne4 Nxe4 16. Bxe7 Qxe7 17. Qxe4 e5 18. Qb7 Be6 19. Qb5+ Bd7 20. Qa5 Bf5 21.
e4 Bg4 22. f3 Be6 23. Qxe5 O-O 24. a3 Rc2 25. axb4 Qxb4 26. h4 h6 27. Rxa7 Rxb2
28. Qa5 Qb3 29. Rd8 Qe3+ 30. Kh2 Qf2 0-1

[Event "Open Letni Praha 2017 - A"]
[Site "?"]
[Date "2017.08.07"]
[Round "5"]
[White "Petran, Peter"]
[Black "Lushnikov, Evgeny"]
[Result "1-0"]
[WhiteElo "2308"]
[BlackElo "2121"]
[PlyCount "123"]
[EventDate "2017.??.??"]
[WhiteClock "0:01:09"]
[BlackClock "0:02:08"]

1. g3 Nf6 2. Bg2 d5 3. c4 c6 4. Nf3 dxc4 5. a4 Bg4 6. Qc2 Nbd7 7. Na3 Bxf3 8.
Bxf3 Ne5 9. Bg2 Qd4 10. Qc3 Rd8 11. f4 Qxc3 12. bxc3 Ned7 13. Nxc4 Nd5 14. Na5
Rb8 15. e4 N5b6 16. d4 e6 17. Ke2 Be7 18. Bd2 O-O 19. e5 Rfc8 20. c4 Rc7 21.
Rhb1 f6 22. Bc3 fxe5 23. fxe5 h6 24. Rb3 Kh8 25. h4 Kh7 26. Rb2 Kg8 27. Kd3 Rd8
28. Ke2 Rb8 29. c5 Nd5 30. Bd2 b6 31. cxb6 axb6 32. Nc4 Ra7 33. Ne3 Rba8 34.
Nxd5 cxd5 35. Bh3 Nf8 36. Rxb6 Rxa4 37. Rxa4 Rxa4 38. Be3 Kf7 39. Rb7 Rb4 40.
Ra7 Rb2+ 41. Kf3 Rb8 42. Bf1 Ke8 43. Bd3 Rb2 44. Bc1 Rb3 45. Ke2 Nd7 46. Bc2
Rc3 47. Ba4 Rxc1 48. Bxd7+ Kf7 49. Ra6 Rc2+ 50. Kd3 Rg2 51. Bxe6+ Ke8 52. Ra8+
Bd8 53. Bxd5 Rxg3+ 54. Kc4 Kd7 55. Ra7+ Bc7 56. Kc5 Re3 57. Bc4 Kd8 58. Kd5 Kd7
59. h5 Re1 60. Bb5+ Kd8 61. Ke6 Kc8 62. Ba6+ 1-0

[Event "Open Letni Praha 2017 - A"]
[Site "?"]
[Date "2017.08.07"]
[Round "5"]
[White "Tatarintsev, Egor"]
[Black "Kulkarni, Bhakti"]
[Result "0-1"]
[WhiteElo "2126"]
[BlackElo "2291"]
[PlyCount "58"]
[EventDate "2017.??.??"]
[WhiteClock "0:17:01"]
[BlackClock "0:39:01"]

1. d4 d5 2. c4 c6 3. Nc3 Nf6 4. Nf3 a6 5. c5 g6 6. Bf4 Bg7 7. e3 Bg4 8. Qb3 Qc8
9. Ne5 Be6 10. Be2 O-O 11. O-O Nfd7 12. Nxd7 Nxd7 13. Na4 Bf5 14. g4 Be6 15. f3
f6 16. Bg3 Bf7 17. f4 e5 18. fxe5 fxe5 19. dxe5 Qe8 20. Qxb7 Bxe5 21. Bxe5 Qxe5
22. Qxd7 Qxe3+ 23. Kh1 Be6 24. Qxc6 Qxe2 25. Rg1 Rf2 26. Qxa8+ Kg7 27. Qb7+ Bf7
28. Rg2 Rxg2 29. Qb8 Rxg4 0-1

[Event "Open Letni Praha 2017 - A"]
[Site "?"]
[Date "2017.08.07"]
[Round "5"]
[White "Fogel, Pierre"]
[Black "Hollan, Petr"]
[Result "0-1"]
[WhiteElo "2106"]
[BlackElo "2273"]
[PlyCount "30"]
[EventDate "2017.??.??"]
[WhiteClock "0:43:52"]
[BlackClock "0:48:23"]

1. d4 Nf6 2. Nf3 e6 3. c4 Bb4+ 4. Bd2 a5 5. g3 b6 6. Bg2 Ba6 7. Qc2 O-O 8. O-O
d5 9. b3 c5 10. Rd1 Nc6 11. cxd5 exd5 12. Bg5 Nxd4 13. Nxd4 cxd4 14. Rxd4 h6
15. Bxf6 Qxf6 0-1

[Event "Open Letni Praha 2017 - A"]
[Site "?"]
[Date "2017.08.07"]
[Round "5"]
[White "Zoldan, Matteo"]
[Black "Nitish, Belurkar"]
[Result "0-1"]
[WhiteElo "2082"]
[BlackElo "2269"]
[PlyCount "102"]
[EventDate "2017.??.??"]
[WhiteClock "0:12:57"]
[BlackClock "0:33:17"]

1. c4 Nf6 2. Nc3 c6 3. e4 e5 4. Nf3 d6 5. h3 Nbd7 6. Be2 g6 7. d4 Bg7 8. O-O
O-O 9. dxe5 dxe5 10. Be3 Qe7 11. Qc2 Re8 12. Na4 Nh5 13. Rfe1 Nf4 14. Bf1 Qf6
15. Kh2 Nf8 16. Nd2 g5 17. Nb3 Qh6 18. Kg1 N8g6 19. f3 Nh4 20. Qf2 Qh5 21. g4
Qh6 22. Rad1 Qf6 23. Kh1 h5 24. Rd2 Kh7 25. Qg3 hxg4 26. hxg4 Rh8 27. Red1 Bf8
28. Rh2 Be6 29. Nac5 Kg6 30. Kg1 Be7 31. Rdd2 b6 32. Nxe6 Nxe6 33. Be2 Rag8 34.
Bd1 Rh7 35. Nc1 Bb4 36. Rd7 Rgh8 37. Nd3 Nf4 38. Nxb4 Nxf3+ 39. Bxf3 Rxh2 40.
Qxh2 Rxh2 41. Kxh2 Qh8+ 42. Kg1 Qh4 43. Bxf4 Qe1+ 44. Kg2 gxf4 45. Nd3 Qg3+ 46.
Kf1 Qxf3+ 47. Nf2 Qg3 48. Ke2 Qe3+ 49. Kf1 f3 50. Rd1 Qe2+ 51. Kg1 Qxb2 0-1

[Event "Open Letni Praha 2017 - A"]
[Site "?"]
[Date "2017.08.07"]
[Round "5"]
[White "Pulpan, Matej"]
[Black "Mikes, Jan"]
[Result "0-1"]
[WhiteElo "2054"]
[BlackElo "2253"]
[PlyCount "110"]
[EventDate "2017.??.??"]
[WhiteClock "0:01:38"]
[BlackClock "0:01:56"]

1. e4 c5 2. c3 Qa5 3. Qc2 Nc6 4. Nf3 d6 5. Be2 Nf6 6. O-O e5 7. d3 Be7 8. h3 d5
9. Nbd2 h6 10. exd5 Nxd5 11. Nb3 Qc7 12. d4 cxd4 13. cxd4 Ndb4 14. Qc3 Nd5 15.
Qc2 exd4 16. Nbxd4 O-O 17. Nxc6 bxc6 18. Bd2 a5 19. Nd4 c5 20. Nf5 Bf6 21. Bc4
Be6 22. Rac1 Rfd8 23. Rfe1 Qd7 24. Ng3 Bd4 25. Bc3 Nf4 26. Bxe6 Nxe6 27. Rcd1
Qd5 28. Nf5 Rd7 29. a3 a4 30. Ne3 Qg5 31. Qf5 Qxf5 32. Nxf5 Rad8 33. Kf1 Kh7
34. Ke2 g6 35. Ng3 Rb7 36. Ne4 Rdb8 37. Nd6 Rxb2+ 38. Bxb2 Rxb2+ 39. Kd3 Kg7
40. Rb1 Rxf2 41. Rb7 Nf4+ 42. Kc4 Nxg2 43. Ree7 g5 44. Rxf7+ Rxf7 45. Rxf7+ Kg6
46. Rf3 Ne1 47. Rf8 Nc2 48. Nb5 h5 49. Kd3 Bg7 50. Ra8 Ne1+ 51. Ke4 g4 52. hxg4
h4 53. Ke3 h3 54. Ra6+ Kh7 55. Rd6 h2 0-1

[Event "Open Letni Praha 2017 - A"]
[Site "?"]
[Date "2017.08.07"]
[Round "5"]
[White "Kastner, Oldrich"]
[Black "Vanek, Ladislav"]
[Result "0-1"]
[WhiteElo "2037"]
[BlackElo "2235"]
[PlyCount "132"]
[EventDate "2017.??.??"]
[WhiteClock "0:03:24"]
[BlackClock "0:20:46"]

1. e4 c5 2. Nf3 d6 3. d4 cxd4 4. Nxd4 Nf6 5. Nc3 a6 6. Be2 e5 7. Nb3 Be7 8. g4
h6 9. Bf3 Be6 10. h4 Nbd7 11. g5 hxg5 12. Bxg5 Qc7 13. Bxf6 Nxf6 14. Qd2 O-O-O
15. O-O-O Kb8 16. Kb1 g6 17. Qe3 Rh7 18. Rh2 Rdh8 19. Rdh1 Bf8 20. Qd3 Bc4 21.
Qd1 Bh6 22. h5 Bf4 23. Rg2 Qe7 24. Na5 Be6 25. Qd3 Qc7 26. b4 b6 27. Nb3 Bc4
28. Qd1 gxh5 29. Be2 Bxe2 30. Nxe2 Nxe4 31. Qd3 d5 32. Qxa6 Rc8 33. f3 Nd6 34.
Nxf4 exf4 35. Nd4 Nc4 36. b5 Na5 37. Rhg1 Qb7 38. Qxb7+ Kxb7 39. Rh1 Rc4 40.
Nf5 Kc7 41. Rg5 Rb4+ 42. Kc1 Rxb5 43. Rhxh5 Rxh5 44. Rxh5 d4 45. Ng7 Rxh5 46.
Nxh5 Nc4 47. Nxf4 Ne5 48. Nd5+ Kc6 49. Ne7+ Kd6 50. Nf5+ Kd5 51. Ne7+ Ke6 52.
Nc8 Nc4 53. Kd1 Kd7 54. Na7 Na3 55. Kc1 Kc7 56. Kb2 Nc4+ 57. Kc1 Nd6 58. a4 Kb7
59. Nb5 Nxb5 60. axb5 Kc7 61. Kd2 Kd6 62. f4 Kc5 63. Kd3 Kd5 64. c3 dxc3 65.
Kxc3 Ke4 66. Kc4 f5 0-1

[Event "Open Letni Praha 2017 - A"]
[Site "?"]
[Date "2017.08.07"]
[Round "5"]
[White "Battesti, Saveriu"]
[Black "Sbarra, Marco"]
[Result "0-1"]
[WhiteElo "2034"]
[BlackElo "2228"]
[PlyCount "74"]
[EventDate "2017.??.??"]
[WhiteClock "0:02:38"]
[BlackClock "0:06:34"]

1. e4 e5 2. Nf3 Nc6 3. d4 exd4 4. c3 dxc3 5. Bc4 Nf6 6. e5 d5 7. Bb3 c2 8. Qxc2
Ne4 9. Nc3 Nxc3 10. bxc3 Bg4 11. O-O Bxf3 12. gxf3 Bc5 13. Rd1 Ne7 14. Bxd5 Qc8
15. Be4 c6 16. Bg5 h6 17. Bh4 O-O 18. Rab1 Qh3 19. Bxe7 Bxe7 20. Rxb7 Bg5 21.
Rd4 Rae8 22. f4 Qg4+ 23. Kh1 Bxf4 24. f3 Qh4 25. Rb1 Rxe5 26. Bxc6 Rh5 27. Rxf4
Qxf4 28. Rb4 Qc7 29. Be4 Rd8 30. Rb1 Kf8 31. Rb2 Qf4 32. c4 Rxh2+ 33. Qxh2 Qc1+
34. Kg2 Qxb2+ 35. Kg3 Qe5+ 36. Kh3 Qxh2+ 37. Kxh2 Rd2+ 0-1

[Event "Open Letni Praha 2017 - A"]
[Site "?"]
[Date "2017.08.07"]
[Round "5"]
[White "Vrecion, Jiri"]
[Black "Egorov, Pavel"]
[Result "1/2-1/2"]
[WhiteElo "1979"]
[BlackElo "2205"]
[PlyCount "79"]
[EventDate "2017.??.??"]
[WhiteClock "0:07:35"]
[BlackClock "0:20:19"]

1. c4 Nf6 2. g3 d5 3. cxd5 Nxd5 4. Bg2 g6 5. Nc3 Nb6 6. Nf3 Bg7 7. d3 O-O 8.
O-O Nc6 9. a3 e5 10. Rb1 Nd4 11. b4 c6 12. Bb2 Nd5 13. Qd2 Re8 14. e3 Nxc3 15.
Bxc3 Nxf3+ 16. Bxf3 Bf5 17. Rbd1 Qd7 18. d4 Rad8 19. dxe5 Qxd2 20. Rxd2 Rxd2
21. Bxd2 Bxe5 22. e4 Be6 23. Be3 Rd8 24. Rd1 Rxd1+ 25. Bxd1 a6 26. f3 Kf8 27.
Bc5+ Ke8 28. Kf2 Bc4 29. a4 a5 30. bxa5 Bc3 31. Bb6 Bd2 32. Be2 Bxe2 33. Kxe2
Bb4 34. Kd3 Kd7 35. e5 Ke6 36. Ke4 Be1 37. g4 g5 38. Be3 Bc3 39. Bxg5 Bxe5 40.
h3 1/2-1/2

[Event "Open Letni Praha 2017 - A"]
[Site "?"]
[Date "2017.08.07"]
[Round "5"]
[White "Yuan, Ye"]
[Black "Patil, Mitali Madhukar"]
[Result "1/2-1/2"]
[WhiteElo "2197"]
[BlackElo "1959"]
[PlyCount "62"]
[EventDate "2017.??.??"]
[WhiteClock "0:01:54"]
[BlackClock "0:02:10"]

1. d4 d5 2. c4 c6 3. Nf3 Nf6 4. Nc3 a6 5. c5 Bf5 6. Qb3 Ra7 7. Bf4 Nbd7 8. e3
g6 9. Be2 Bg7 10. O-O O-O 11. h3 Ne4 12. Rfd1 h6 13. Rac1 g5 14. Bh2 Bg6 15.
Nxe4 Bxe4 16. Qc3 Bg6 17. b4 f6 18. Bd3 Bxd3 19. Qxd3 f5 20. a4 Qe8 21. Ne5
Bxe5 22. Bxe5 Nxe5 23. dxe5 e6 24. f3 Qg6 25. Kf2 h5 26. Rb1 g4 27. hxg4 hxg4
28. Rh1 Kg7 29. Qc2 Raa8 30. b5 axb5 31. axb5 Rf7 1/2-1/2

[Event "Open Letni Praha 2017 - A"]
[Site "Praha"]
[Date "2017.08.07"]
[Round "5"]
[White "Egorov, Konstantin"]
[Black "Skokan, Frantisek"]
[Result "1-0"]
[WhiteElo "2180"]
[BlackElo "1933"]
[PlyCount "43"]
[EventDate "2017.08.04"]

1. d4 Nf6 2. c4 g6 3. Nc3 d5 4. cxd5 Nxd5 5. e4 Nxc3 6. bxc3 Bg7 7. Nf3 O-O 8.
Be2 c5 9. Rb1 Nc6 10. d5 Na5 11. c4 b6 12. Bb2 f6 13. h4 Qc7 14. h5 Ba6 15.
hxg6 hxg6 16. Nh4 Bxc4 17. Nxg6 Rfd8 18. Bg4 Rd6 19. Nf4 Nb7 20. Be6+ Rxe6 21.
Nxe6 Qd6 22. Qg4 1-0

[Event "Open Letni Praha 2017 - A"]
[Site "Praha"]
[Date "2017.08.07"]
[Round "5"]
[White "Hu, Zhiheng"]
[Black "Haase, Pavel"]
[Result "1/2-1/2"]
[WhiteElo "1829"]
[BlackElo "2177"]
[PlyCount "101"]
[EventDate "2017.08.04"]

1. d4 Nf6 2. c4 g6 3. Nc3 d5 4. Qb3 dxc4 5. Qxc4 Bg7 6. Nf3 O-O 7. e4 c6 8. Be3
b5 9. Qb3 Be6 10. Qc2 Ng4 11. Be2 Nxe3 12. fxe3 Na6 13. a3 Qb6 14. O-O Bh6 15.
Nd1 Rac8 16. Rc1 f6 17. b4 Kh8 18. Ne1 Bd7 19. Qc3 Rce8 20. Nf3 Nc7 21. Kh1 Ra8
22. d5 e5 23. dxc6 Be6 24. Qc5 Qxc5 25. Rxc5 a5 26. Nc3 axb4 27. axb4 Rfc8 28.
Nxb5 Nxb5 29. Bxb5 Bf8 30. Bc4 Bxc5 31. Bxe6 Bxb4 32. Bxc8 Rxc8 33. Rc1 Kg7 34.
Rc4 Ba5 35. Kg1 Kf7 36. Kf2 Ke6 37. g4 Kd6 38. Ng1 Rxc6 39. Rxc6+ Kxc6 40. Ne2
Kc5 41. Ng3 Kc4 42. Ke2 Kc5 43. h4 Kd6 44. h5 Ke6 45. hxg6 hxg6 46. Nf1 Bb4 47.
Nh2 Bf8 48. Nf3 Bh6 49. Kd3 f5 50. gxf5+ gxf5 51. exf5+ 1/2-1/2

[Event "Open Letni Praha 2017 - A"]
[Site "Praha"]
[Date "2017.08.07"]
[Round "5"]
[White "Certek, Pavel"]
[Black "Jurcisin, Imrich"]
[Result "1-0"]
[WhiteElo "2287"]
[BlackElo "2049"]
[PlyCount "61"]
[EventDate "2017.08.04"]

1. d4 Nf6 2. Nf3 b6 3. e3 Bb7 4. c4 e6 5. Bd3 d5 6. O-O Be7 7. Nc3 Nbd7 8. b3
O-O 9. Bb2 c5 10. Rc1 Rc8 11. Qe2 Ne4 12. Rfd1 cxd4 13. Nxd4 Bb4 14. Nf3 Nxc3
15. Bxc3 Bxc3 16. Rxc3 Qf6 17. Rcc1 Ne5 18. Nxe5 Qxe5 19. Qg4 dxc4 20. Bxc4 b5
21. Bf1 Rxc1 22. Rxc1 Rc8 23. Rxc8+ Bxc8 24. Qb4 Ba6 25. a4 g6 26. Qa5 Qd6 27.
axb5 Bb7 28. Qxa7 Bxg2 29. Kxg2 Qd5+ 30. f3 Qd2+ 31. Kg1 1-0

[Event "Open Letni Praha 2017 - A"]
[Site "Praha"]
[Date "2017.08.07"]
[Round "5"]
[White "Schmitz, Thorsten"]
[Black "Horton, Justin"]
[Result "1/2-1/2"]
[WhiteElo "2273"]
[BlackElo "2030"]
[PlyCount "60"]
[EventDate "2017.08.04"]

1. e4 e5 2. Nf3 Nc6 3. d4 exd4 4. Bc4 Nf6 5. e5 Ne4 6. Qe2 Nc5 7. O-O Be7 8.
Rd1 O-O 9. Nxd4 d5 10. Nf3 Be6 11. Nc3 dxc4 12. Rxd8 Raxd8 13. Be3 Rd7 14. h3
Rfd8 15. a3 a6 16. Re1 b5 17. Bxc5 Bxc5 18. Ne4 Nd4 19. Nxd4 Bxd4 20. c3 Bb6
21. Kh2 h6 22. Qh5 Bd5 23. Nf6+ gxf6 24. exf6 Kh7 25. Qf5+ Kh8 26. Re5 Bc5 27.
Qg4 Bf8 28. Rg5 hxg5 29. Qh5+ Kg8 30. Qxg5+ Kh8 1/2-1/2

[Event "Open Letni Praha 2017 - A"]
[Site "Praha"]
[Date "2017.08.07"]
[Round "5"]
[White "Afanasieva, Alexandra"]
[Black "Haag, Martin"]
[Result "1/2-1/2"]
[WhiteElo "2041"]
[BlackElo "2263"]
[PlyCount "103"]
[EventDate "2017.08.04"]

1. e4 c5 2. Nf3 Nc6 3. Bb5 Nf6 4. Nc3 g6 5. Bxc6 dxc6 6. h3 Bg7 7. d3 O-O 8.
Be3 b6 9. Qd2 e5 10. O-O-O Qd6 11. Bh6 Ne8 12. h4 Bg4 13. h5 gxh5 14. Bxg7 Nxg7
15. Ne2 Rad8 16. Ng3 Rfe8 17. Qe3 Qf6 18. Rde1 Qf4 19. Qxf4 exf4 20. Ne2 Rd6
21. Nd2 Bxe2 22. Rxe2 Rg6 23. f3 Re5 24. c3 Reg5 25. Rh2 Ne6 26. Nb3 h4 27. d4
c4 28. Nd2 b5 29. Kc2 h3 30. gxh3 Rg1 31. h4 h5 32. b3 cxb3+ 33. Nxb3 Kf8 34.
Rd2 Rf1 35. d5 Nd8 36. Rdf2 Rxf2+ 37. Rxf2 cxd5 38. exd5 Nb7 39. Nd4 Rd6 40.
Nxb5 Rxd5 41. c4 Re5 42. Nd4 Nd6 43. Kb3 Re3+ 44. Kb4 Rd3 45. Kc5 Ke7 46. Rg2
Kd7 47. Rg5 Rc3 48. Rxh5 Rxc4+ 49. Kd5 Ra4 50. Nb3 Rxa2 51. Rh6 Nf5 52. Rf6
1/2-1/2

[Event "Open Letni Praha 2017 - A"]
[Site "Praha"]
[Date "2017.08.07"]
[Round "5"]
[White "Slampa, Jan"]
[Black "Jayaram, Ramanna"]
[Result "1/2-1/2"]
[WhiteElo "2252"]
[BlackElo "2021"]
[PlyCount "120"]
[EventDate "2017.08.04"]

1. e4 e5 2. Nf3 Nc6 3. Bb5 a6 4. Ba4 Nf6 5. O-O Be7 6. Re1 b5 7. Bb3 d6 8. c3
O-O 9. d4 Bg4 10. Be3 exd4 11. cxd4 Na5 12. Bc2 c5 13. d5 Nc4 14. Bc1 Nd7 15.
h3 Bh5 16. g4 Bg6 17. Nbd2 Nxd2 18. Bxd2 Bf6 19. Rb1 Re8 20. Bf4 Qb6 21. h4 h6
22. h5 Bh7 23. Qd2 Ne5 24. Nxe5 dxe5 25. Be3 Qd6 26. b4 c4 27. a4 Bd8 28. Bc5
Qd7 29. f3 Bg5 30. Qf2 g6 31. hxg6 Bxg6 32. Kg2 Kg7 33. Rh1 Rh8 34. Rh2 Bf4 35.
Rh3 h5 36. Rbh1 hxg4 37. Rxh8 gxf3+ 38. Kxf3 Rxh8 39. Rxh8 Kxh8 40. Qh4+ Kg7
41. Kf2 f6 42. axb5 axb5 43. d6 Bg5 44. Qg3 Bh5 45. Ke1 Qg4 46. Qxg4 Bxg4 47.
Bd1 Be6 48. Bh5 Bd7 49. Kf2 f5 50. exf5 Kf6 51. Bg4 c3 52. Bd1 Bxf5 53. Bb3 Kg7
54. Be3 Bd8 55. Ke2 Bh4 56. Bd5 Bd7 57. Kd3 Be1 58. Ke2 Bg3 59. Kd3 Be1 60. Ke2
Bg3 1/2-1/2